000 00381nam a2200121Ia 4500
005 20251222144648.0
008 251222s9999||||xx |||||||||||||| ||spa||
082 _a362.76/B24
100 _aBarletta Villarán, María Consuelo
245 0 _aLineamientos para la Promoción Social de la Niñez y la Adolescencia desde un Enfoque Interdisciplinario
264 _bDevida
942 _cLIB
999 _c16934
_d16934